00594naa a2200193 a 450000100080000000500110000800800410001910000200006024501020008026000090018265300260019165300180021765300100023570000220024570000170026770000170028470000160030177300830031710374762005-07-14 2004 bl uuuu u00u1 u #d1 aSILVA, F. F. da aImpacto da aplicacao de efluente maturado de fecularia de mandioca em solo e na cultura do sorgo. c2004 aEfluente de fecularia aFertirrigacao aSorgo1 aFREITAS, P. S. L.1 aBERTONHA, A.1 aMUNIZ, A. S.1 aREZENDE, R. tActa Scientiarum; Agronomy, Manringagv. 26, n. 4, p. 421-427, oct./dec. 2004.